| 000 | 00388 a2200157 4500 | ||
|---|---|---|---|
| 999 |
_c528846 _d528846 |
||
| 003 | NUST | ||
| 038 | _aMSOHAIL | ||
| 082 | _a361 | ||
| 100 |
_aHRH Associates _920633 |
||
| 245 | _aSurvey of NGOs in the field of social services Pakistan. | ||
| 250 | _aPart II | ||
| 260 |
_aLahore _bHRH Associates. _c1989. |
||
| 300 | _a433p. | ||
| 500 | _aPaper cover | ||
| 942 |
_aNIT _cBK _k361 HRH _2ddc |
||